Cuando el cielo se oscurese: la vida en la Edad Media

Saved in:
Bibliografiske detaljer
Hovedforfatter: Fumagalli, Vito (Author)
Format: Bog
Sprog:spansk
Udgivet: Madrid Nerea 1992
Udgivelse:2a. ed
Fag:
Tags: Tilføj Tag
Ingen Tags, Vær først til at tagge denne postø!

MARC

LEADER 00000nam a2200000 a 4500
001 UCV9898
003 CL-VaPUC
008 930713e19920000SP |||||||||||||||||spa|d
082 0 4 |a 940.1  |b FUM  |2 21 
100 0 |a Fumagalli, Vito  |e author  |9 303889 
245 1 0 |a Cuando el cielo se oscurese: la vida en la Edad Media 
250 |a 2a. ed 
300 |a 142 p 
942 |c BK 
945 |d 19930713 00:00:00 
260 |a Madrid  |b Nerea  |c 1992 
650 0 |a Civilización medieval   |9 265320 
650 0 |a Historia medieval   |9 258042 
583 |a last modification  |c 19930713 00:00:00  |k Rodrigo Vera 
999 |c 215169  |d 215167 
952 |0 0  |1 0  |4 0  |6 940_100000000000000_FUM_1992  |7 0  |8 A  |9 199187  |a BIBHIS  |b BIBHIS  |d 2019-11-14  |i 2665131  |o 940.1 FUM 1992  |p 2665131  |r 2025-01-20  |w 2019-11-14  |y BK  |k HIS 
952 |0 0  |1 0  |4 0  |6 940_100000000000000_FUM_1992  |7 0  |8 P  |9 199188  |a BIBARQ  |b BIBARQ  |d 2019-11-14  |i 266514K  |o 940.1 FUM 1992  |p 266514K  |r 2025-01-20  |w 2019-11-14  |y BK  |k ARQ